Golden Child all songs(2024 update) - Statistics

General Stats
  • This quiz has been taken 4 times
  • The average score is 37 of 84
Answer Stats
Hint Answer % Correct
YES. Burn It
100%
DDARA Ddara
100%
Take A Leap One(lucid dream)
100%
Pump It Up Pump It Up
100%
Re-boot Wannabe
100%
Without You Without You
100%
AURA Aura
67%
Lonely Enough To Love OST Come With Me
67%
Miracle Crush
67%
Feel me Feel me
67%
Game Changer Game
67%
Game Changer Game Changer
67%
WISH Genie
67%
Gol-Cha! Gol-Cha
67%
Without You I Love U Crazy!
67%
Gol-Cha! I love you so
67%
Miracle Miracle
67%
AURA Miracle
67%
Game Changer Ra Pam Pam
67%
WISH Wish
67%
Gol-Cha! With me
67%
YES. Yes.
67%
AURA 3! 6! 5!
33%
Miracle All day
33%
Re-boot A song for me
33%
Japan Debut Single A Woo!!
33%
Feel me Blind Love
33%
Game Changer Bottom Of The Ocean
33%
YES. Breathe
33%
Re-boot Compass
33%
YES. Cool Cool
33%
Invisible Crayon Crayon
33%
Gol-Cha! DamDaDi
33%
Feel me Dear
33%
Re-boot Don't run away
33%
Game Changer Fanfare
33%
Re-boot Fantasia
33%
Re-boot Go together
33%
Take A Leap H.E.R
33%
Goldenness If
33%
Game Changer i know
33%
Miracle I'm Falling
33%
WISH I see u
33%
Miracle It's U
33%
AURA Knocking On My Door
33%
Miracle Lady
33%
Re-boot Lately
33%
Pump It Up Lean on me
33%
Goldenness Let me
33%
WISH Listen
33%
20th Century Boy and Girl OST Love Letter
33%
Best Mistake 2 OST Love shaker
33%
Moonshine OST Love Your Everything
33%
Take A Leap Make Me Love
33%
YES. Milky Way
33%
Take A Leap Moment
33%
Legal High OST Never
33%
Re-boot No Matter What
33%
DDARA Oasis
33%
Take A Leap OMG
33%
Re-boot Our heaven
33%
Game Changer Out the window
33%
Take A Leap Pass Me By
33%
Game Changer Poppin'
33%
AURA Purpose
33%
Japan 2nd single Rata-Tat-Tat
33%
Re-boot Re-boot
33%
AURA Replay
33%
YES. Round n round
33%
Gol-Cha! Sea
33%
Re-boot She's My Girl
33%
Game Changer Singing In The Rain
33%
Game Changer Spell
33%
Golden Child Special Single Spring again
33%
Take A Leap Take Off
33%
Goldenness Thank You
33%
Game Changer that feeling
33%
Pump It Up That guy
33%
Invisible Crayon Weekends
33%
Gol-Cha! What happened
33%
WISH Would U Be My
33%
WISH You
33%
Sing STreet Under the sky of Suncheon
0%
WISH You turn on me baby
0%
No matching quizzes found
Score Distribution
Percent of People with Each Score
Percentile by Number Answered
Your Score History
You have not taken this quiz